[Event "Stay Safe Play From Home 240"]
[Site "Emanuel Lasker Arena"]
[Date "2020.06.19"]
[Round "7"]
[White "Haxhi Baha"]
[Black "Bishop91"]
[Result "0-1"]
[WhiteElo "1923"]
[BlackElo "1814"]
[Annotator "NA RC"]
[PlyCount "100"]
[EventDate "2020.06.19"]
[EventType "swiss (blitz)"]

1. e4 {[%emt 0:00:03]} e5 {[%emt 0:00:02]} 2. f4 {[%emt 0:00:04]} d5 {[%emt 0:00:01]} 3. exd5 {[%emt 0:00:06]} e4 {[%emt 0:00:18]} 4. d3 {[%emt 0:00:06]} f5 {[%emt 0:00:02]} 5. dxe4 {[%emt 0:00:01]} Nf6 {[%emt 0:00:18]} 6. e5 {[%emt 0:00:17]} Nxd5 {[%emt 0:00:18]} 7. a3 {[%emt 0:00:09]} Be6 {[%emt 0:00:05]} 8. Nf3 {[%emt 0:00:04]} Nc6 {[%emt 0:00:03]} 9. Ng5 {[%emt 0:00:21]} Qe7 {[%emt 0:00:09]} 10. Bb5 {[%emt 0:00:17]} O-O-O {[%emt 0:00:06]} 11. Bxc6 {[%emt 0:00:12]} bxc6 {[%emt 0:00:00]} 12. Qe2 {[%emt 0:00:01]} h6 {[%emt 0:00:28]} 13. Nxe6 {[%emt 0:00:03]} Qxe6 {[%emt 0:00:02]} 14. Bd2 {[%emt 0:00:25]} Bc5 {[%emt 0:00:05]} 15. b4 {[%emt 0:00:03]} Bb6 {[%emt 0:00:02]} 16. c4 {[%emt 0:00:04]} Bd4 {[%emt 0:00:20]} 17. cxd5 {[%emt 0:00:03]} Qxd5 {[%emt 0:00:01]} 18. Ra2 {[%emt 0:00:01]} Qxa2 {[%emt 0:00:06]} 19. Qa6+ {[%emt 0:00:36]} Kb8 {[%emt 0:00:04]} 20. Ke2 {[%emt 0:00:00]} Bb6 {[%emt 0:00:09]} 21. a4 {[%emt 0:00:14]} Qd5 {[%emt 0:00:10]} 22. Re1 {[%emt 0:00:28]} Qxg2+ {[%emt 0:00:07]} 23. Kd1 {[%emt 0:00:01]} Qf3+ {[%emt 0:00:01]} 24. Kc1 {[%emt 0:00:03]} Qd3 {[%emt 0:00:38]} 25. e6 {[%emt 0:00:02]} Qxa6 {[%emt 0:00:02]} 26. e7 {[%emt 0:00:02]} Rde8 {[%emt 0:00:01]} 27. a5 {[%emt 0:00:01]} Bd4 {[%emt 0:00:02]} 28. Re6 {[%emt 0:00:02]} Bf6 {[%emt 0:00:01]} 29. Re3 {[%emt 0:00:03]} Qc4+ {[%emt 0:00:01]} 30. Kd1 {[%emt 0:00:03]} Qf1+ {[%emt 0:00:01]} 31. Re1 {[%emt 0:00:02]} Qf3+ {[%emt 0:00:01]} 32. Kc2 {[%emt 0:00:01]} Rxe7 {[%emt 0:00:01]} 33. Rc1 {[%emt 0:00:01]} Qe4+ {[%emt 0:00:02]} 34. Kb3 {[%emt 0:00:01]} Qd5+ {[%emt 0:00:01]} 35. Ka3 {[%emt 0:00:03]} Re2 {[%emt 0:00:03]} 36. Rc5 {[%emt 0:00:01]} Qxc5 {[%emt 0:00:02]} 37. bxc5 {[%emt 0:00:01]} Rxh2 {[%emt 0:00:02]} 38. a6 {[%emt 0:00:02]} Re8 {[%emt 0:00:01]} 39. Ba5 {[%emt 0:00:02]} Re3+ {[%emt 0:00:02]} 40. Ka4 {[%emt 0:00:03]} g5 {[%emt 0:00:01]} 41. Na3 {[%emt 0:00:01]} Rxa3+ {[%emt 0:00:02]} 42. Kxa3 {[%emt 0:00:01]} gxf4 {[%emt 0:00:00]} 43. Kb3 {[%emt 0:00:04]} f3 {[%emt 0:00:01]} 44. Kc4 {[%emt 0:00:04]} f2 {[%emt 0:00:00]} 45. Kd3 {[%emt 0:00:01]} f1=Q+ {[%emt 0:00:01]} 46. Ke3 {[%emt 0:00:01]} Re2+ {[%emt 0:00:01]} 47. Kd3 {[%emt 0:00:02]} Qd1+ {[%emt 0:00:00]} 48. Kc4 {[%emt 0:00:01]} Rc2+ {[%emt 0:00:00]} 49. Kb3 {[%emt 0:00:01]} Qb1+ {[%emt 0:00:01]} 50. Ka4 {[%emt 0:00:01]} Ra2# {[%emt 0:00:00] (Lag: Av=0.55s, max=0.9s)} 0-1

[Event "Stay Safe Play From Home 240"]
[Site "Emanuel Lasker Arena"]
[Date "2020.06.19"]
[Round "7"]
[White "Timbre"]
[Black "Germanicus G"]
[Result "1-0"]
[WhiteElo "1696"]
[BlackElo "1638"]
[Annotator "NA RC"]
[PlyCount "121"]
[EventDate "2020.06.19"]
[EventType "swiss (blitz)"]

1. d4 {[%emt 0:00:04]} e6 {[%emt 0:00:01]} 2. Nf3 {[%emt 0:00:01]} Nf6 {[%emt 0:00:01]} 3. c3 {[%emt 0:00:01]} c5 {[%emt 0:00:03]} 4. Bf4 {[%emt 0:00:02]} d5 {[%emt 0:00:03]} 5. e3 {[%emt 0:00:01]} Qb6 {[%emt 0:00:01]} 6. Qc2 {[%emt 0:00:02]} Nc6 {[%emt 0:00:06]} 7. Nbd2 {[%emt 0:00:03]} Bd7 {[%emt 0:00:02]} 8. Be2 {[%emt 0:00:01]} Rc8 {[%emt 0:00:02]} 9. Qb1 {[%emt 0:00:03]} Be7 {[%emt 0:00:11]} 10. Ne5 {[%emt 0:00:02]} Nxe5 {[%emt 0:00:08]} 11. Bxe5 {[%emt 0:00:02]} O-O {[%emt 0:00:04]} 12. Bxf6 {[%emt 0:00:02]} Bxf6 {[%emt 0:00:02]} 13. O-O {[%emt 0:00:01]} Bb5 {[%emt 0:00:03]} 14. Bxb5 {[%emt 0:00:03]} Qxb5 {[%emt 0:00:01]} 15. e4 {[%emt 0:00:04]} cxd4 {[%emt 0:00:04]} 16. cxd4 {[%emt 0:00:03]} Bxd4 {[%emt 0:00:01]} 17. exd5 {[%emt 0:00:04]} Qxd5 {[%emt 0:00:03]} 18. Nf3 {[%emt 0:00:02]} Bf6 {[%emt 0:00:03]} 19. Qe1 {[%emt 0:00:07]} Bxb2 {[%emt 0:00:05]} 20. Rd1 {[%emt 0:00:04]} Qc6 {[%emt 0:00:03]} 21. Qe2 {[%emt 0:00:01]} Bf6 {[%emt 0:00:02]} 22. h3 {[%emt 0:00:02]} b6 {[%emt 0:00:02]} 23. Nh2 {[%emt 0:00:05]} Qc4 {[%emt 0:00:10]} 24. Qf3 {[%emt 0:00:07]} b5 {[%emt 0:00:14]} 25. Ng4 {[%emt 0:00:02]} Bc3 {[%emt 0:00:02]} 26. Rc1 {[%emt 0:00:17]} b4 {[%emt 0:00:02]} 27. Qg3 {[%emt 0:00:07]} f5 {[%emt 0:00:10]} 28. Ne3 {[%emt 0:00:06]} Qe4 {[%emt 0:00:07]} 29. Qd6 {[%emt 0:00:08]} Rc6 {[%emt 0:00:14]} 30. Qd7 {[%emt 0:00:06]} f4 {[%emt 0:00:13]} 31. Ng4 {[%emt 0:00:10]} Qd5 {[%emt 0:00:01]} 32. Qxa7 {[%emt 0:00:04]} e5 {[%emt 0:00:09]} 33. Rcd1 {[%emt 0:00:03]} Qe6 {[%emt 0:00:05]} 34. Rd7 {[%emt 0:00:07]} Qg6 {[%emt 0:00:02]} 35. Rfd1 {[%emt 0:00:17]} h5 {[%emt 0:00:03]} 36. Nh2 {[%emt 0:00:02]} Rcf6 {[%emt 0:00:23]} 37. Nf3 {[%emt 0:00:09]} R6f7 {[%emt 0:00:02]} 38. Rxf7 {[%emt 0:00:03]} Rxf7 {[%emt 0:00:03]} 39. Rd8+ {[%emt 0:00:09]} Kh7 {[%emt 0:00:02]} 40. Qa8 {[%emt 0:00:03]} Qf6 {[%emt 0:00:36]} 41. Rh8+ {[%emt 0:00:06]} Kg6 {[%emt 0:00:01]} 42. Qe4+ {[%emt 0:00:05]} Qf5 {[%emt 0:00:02]} 43. Nh4+ {[%emt 0:00:04]} Kg5 {[%emt 0:00:01]} 44. Nxf5 {[%emt 0:00:02]} Rxf5 {[%emt 0:00:01]} 45. Rxh5+ {[%emt 0:00:04]} Kxh5 {[%emt 0:00:04]} 46. Qxf5+ {[%emt 0:00:01]} Kh6 {[%emt 0:00:00]} 47. g3 {[%emt 0:00:02]} fxg3 {[%emt 0:00:02]} 48. fxg3 {[%emt 0:00:01]} g6 {[%emt 0:00:00]} 49. Qe4 {[%emt 0:00:04]} g5 {[%emt 0:00:03]} 50. Kg2 {[%emt 0:00:01]} Bd4 {[%emt 0:00:10]} 51. h4 {[%emt 0:00:03]} gxh4 {[%emt 0:00:03]} 52. gxh4 {[%emt 0:00:01]} Kh5 {[%emt 0:00:04]} 53. Kh3 {[%emt 0:00:03]} Kh6 {[%emt 0:00:02]} 54. Qf5 {[%emt 0:00:08]} Bc3 {[%emt 0:00:01]} 55. Kg4 {[%emt 0:00:05]} Bd4 {[%emt 0:00:01]} 56. Qf6+ {[%emt 0:00:02]} Kh7 {[%emt 0:00:03]} 57. Kf5 {[%emt 0:00:06]} Bc3 {[%emt 0:00:04]} 58. h5 {[%emt 0:00:06]} e4 {[%emt 0:00:13]} 59. Qf7+ {[%emt 0:00:03]} Kh8 {[%emt 0:00:02]} 60. Kg6 {[%emt 0:00:04]} Bg7 {[%emt 0:00:07]} 61. Qxg7# {[%emt 0:00:02] (Lag: Av=0.16s, max=0.6s)} 1-0

[Event "Stay Safe Play From Home 240"]
[Site "Emanuel Lasker Arena"]
[Date "2020.06.19"]
[Round "7"]
[White "Robk"]
[Black "mehrdadahouran"]
[Result "0-1"]
[WhiteElo "1592"]
[BlackElo "2060"]
[Annotator "TA"]
[PlyCount "78"]
[EventDate "2020.06.19"]
[EventType "swiss (blitz)"]

{[%evp 19,78,-3,35,-19,-15,-63,0,-84,-24,-31,-33,-135,-90,-96,-110,-288,-158,-165,-75,-92,-97,-101,-114,-189,-186,-179,-155,-176,-189,-216,-12,-65,8,-22,37,-77,219,-290,-300,-390,-164,-372,-278,-276,-280,-334,-197,-240,-220,-582,-566,-729,-715,-29975,-29976,-5065,-2585,-1636,-5009,-5202,-5009]} 1. e4 e6 2. d4 d5 3. e5 c5 4. c3 Nc6 5. Nf3 Qb6 6. Be2 Nh6 7. b3 Nf5 8. Bb2 cxd4 9. cxd4 Bb4+ 10. Kf1 h5 11. g3 {C02: French: Advance Variation.} (11. Nc3 $14) 11... Bd7 $11 12. Kg2 Be7 {[#]} (12... h4 $15) 13. Na3 $146 (13. h3 $11 {keeps the balance.}) ({Predecessor:} 13. h4 O-O-O 14. Nc3 f6 15. Na4 Qc7 16. Rc1 Kb8 17. a3 Rdg8 18. b4 Qd8 19. Nc5 {½-½ (29) Zallio,L (2226)-Da Costa,L (1854) Salvador 2018}) 13... g5 (13... h4 $17 14. Nc2 h3+ 15. Kg1 Rc8) 14. h3 O-O-O 15. Nb5 (15. Nc2 $15) 15... g4 16. hxg4 hxg4 17. Nh4 $2 (17. Nh2 $17) 17... Nxh4+ (17... Bxh4 $19 18. gxh4 Nxe5 $1 {[%mdl 512]} 19. Qc1+ Kb8) 18. gxh4 $17 a6 (18... Rdf8 $19 {has better winning chances.} 19. Nc3 f6) 19. Nd6+ Bxd6 $1 20. exd6 f5 21. Ba3 (21. Qc1 $17) 21... Qxd4 $19 22. Qxd4 Nxd4 23. Rac1+ Kb8 24. Bd3 Nb5 $2 (24... e5 $19 {Hoping for ...Ne6.} 25. Rc7 Ne6 26. Rxd7 Rxd7 27. Bxf5 Nf4+ 28. Kf1 Rg7) 25. Bc5 ({Better is} 25. Bxb5 $11 Bxb5 26. Bb2) 25... Rh5 (25... Bc6 $15 26. Bxb5 axb5) 26. Bb6 Rdh8 (26... Rc8 $11) 27. Kg3 (27. Bxb5 $14 {keeps the upper hand.} Bxb5 28. Bd4) 27... Bc6 $2 {[%mdl 8192] [#]} (27... e5 $1 $17 {and life is bright.} 28. a4 Na7) 28. a4 $4 {[%mdl 8192]} (28. Rxc6 $1 $18 {[%mdl 512] was the only winning move.} bxc6 29. Bxb5) 28... Nxd6 29. Bxa6 Ne4+ ({Weaker is} 29... bxa6 30. Rxc6 Ne4+ 31. Kf4 $17) (29... e5 $142 30. Bb5 Ne4+ 31. Kg2 Rxh4 32. Rxh4 Rxh4 33. Bxc6 bxc6 34. Rxc6 f4) 30. Kg2 $2 (30. Kf4) 30... Rxh4 ({Less strong is} 30... bxa6 31. Rxc6 f4 32. Rxe6 $17) 31. Rxh4 Rxh4 32. Bb5 Bxb5 (32... e5 $142 33. Bxc6 bxc6 34. Rxc6 f4) 33. axb5 {[%mdl 4096] Endgame Black must now prevent Bc7+. KRB-KRN} Rh7 34. Be3 $2 (34. Bd4 {nothing else works.} Re7 35. Be5+ Ka7 36. Bc7) 34... e5 35. b6 d4 36. f3 gxf3+ 37. Kxf3 dxe3 {Black is clearly winning.} 38. Kxe3 Rh3+ 39. Ke2 Rxb3 {Accuracy: White = 14%, Black = 24%.} 0-1